Castilla

Guardat en:
Dades bibliogràfiques
Autor principal: Azorín, Antonio
Format: Llibre
Idioma:Undetermined
Publicat: Buenos Aires, Argentina Losada 1969
Edició:7
Matèries:
Etiquetes: Afegir etiqueta
Sense etiquetes, Sigues el primer a etiquetar aquest registre!

MARC

LEADER 00000nam a2200000Ia 4500
008 170316s9999 xx 000 0 und d
040 |a cru BVZT 
090 |a 862 A-52c 
100 |a Azorín, Antonio 
245 |a Castilla 
250 |a 7 
260 |a Buenos Aires, Argentina 
260 |b Losada 
260 |c 1969 
300 |a 146 páginas 
650 |a LITERATURA ESPAÑOLA 
999 |c 9465  |d 9465 
942 |c 15 D  |h 862 A-52c  |2 z